| 000 | 00433nam a2200145 a 4500 | ||
|---|---|---|---|
| 001 | 1116 | ||
| 003 | CDMR | ||
| 005 | 20130116135201.0 | ||
| 008 | 130130s2009||||||||||||||||||||||||||||d | ||
| 040 |
_aCDMR _bcat _cCPC GIRONA |
||
| 100 | 1 |
_aCastanier, Tristan _9881 |
|
| 245 | 1 | 0 |
_aElisabeth Eidenbenz i la maternitat suïssa d'Elna (1939-1944) _bDones en exili, mares dels camps _cCastanier, Tristan |
| 260 |
_c2009 _bTrabucaire |
||
| 942 | _cMON | ||
| 999 |
_c1116 _d1116 |
||